Statistiken für Abc nach Reihenfolge

Klicken Sie hier um das Quiz zu spielen!

Allgemein

  • Dieses Quiz wurde 1.987 mal gespielt
  • Das Durchschnittsergebnis liegt bei 23 aus 26

Antwortstatistiken

Buchstabe im Alphabet% Korrekt
a
100%
b
98%
c
97%
d
97%
e
97%
f
96%
g
96%
h
95%
i
95%
j
94%
k
93%
l
93%
m
93%
n
91%
o
90%
p
89%
q
88%
r
88%
s
87%
t
85%
u
83%
v
82%
w
78%
x
74%
y
71%
z
69%

Verteilung der Resultate

Perzentil nach korrekt beantworteten Fragen

Anzahl Personen mit jedem Resultat

Ihre Resultats-Entwicklung

Sie haben dieses Quiz noch nicht gespielt